[Event "Junior Online 4NCL Division 2"]
[Site "online"]
[Date "2020.10.15"]
[Round "5.74"]
[White "Wynn, Jacob"]
[Black "Keenan, Isaac"]
[Result "1-0"]
[WhiteElo "1186"]
[BlackElo "1285"]
[PlyCount "117"]
[EventDate "2020.10.15"]
[WhiteTeam "Border Bandits 1"]
[BlackTeam "Robin Hoods 2"]

1. e4 e5 2. Nf3 Nf6 3. Nxe5 Qe7 4. d4 d6 5. Nf3 Nxe4 6. Be2 Bd7 7. O-O Nc5 8.
Re1 Qd8 9. Bc4+ Be7 10. Bg5 f6 11. Bh4 c6 12. Nc3 b5 13. Bb3 g5 14. Bg3 a5 15.
a4 h5 16. h4 gxh4 17. Nxh4 f5 18. Nxf5 Bxf5 19. Bh4 Ra7 20. axb5 cxb5 21. Nxb5
Rb7 22. dxc5 dxc5 23. Qxd8+ Kxd8 24. Bxe7+ Rxe7 25. Rxe7 Kxe7 26. Nc3 Be6 27.
Rxa5 c4 28. Ba4 Nc6 29. Bxc6 Rc8 30. Bd5 Bxd5 31. Nxd5+ Ke6 32. Nf4+ Kf6 33.
Nxh5+ Kg6 34. Nf4+ Kf7 35. c3 Kf6 36. Nd5+ Ke6 37. Nb6 Rc6 38. Na4 Kd6 39. g4
Ke7 40. f3 Kf6 41. Rf5+ Ke6 42. Nc5+ Kd6 43. Ne4+ Ke6 44. Rh5 Kf7 45. g5 Kg6
46. Rh6+ Kg7 47. Rxc6 Kf7 48. g6+ Kg7 49. f4 Kh6 50. f5 Kg7 51. f6+ Kxg6 52.
Rc7 Kf5 53. f7 Ke6 54. f8=Q Ke5 55. Qd8 Kxe4 56. Re7+ Kf3 57. Qf8+ Kg3 58. Rg7+
Kh4 59. Qh8# 1-0

[Event "Junior Online 4NCL Division 2"]
[Site "online"]
[Date "2020.10.15"]
[Round "5.75"]
[White "Sapsford, Oliver"]
[Black "Walker, Daniel"]
[Result "0-1"]
[WhiteElo "1442"]
[BlackElo "1322"]
[PlyCount "116"]
[EventDate "2020.10.15"]
[WhiteTeam "Border Bandits 1"]
[BlackTeam "Robin Hoods 2"]

1. e4 c6 2. d4 d5 3. exd5 cxd5 4. Nc3 Nc6 5. Nf3 Bg4 6. Be2 Nf6 7. Bg5 e6 8.
Qd2 Be7 9. h3 Bh5 10. g4 Bg6 11. h4 h6 12. h5 hxg5 13. O-O-O Be4 14. Nxe4 Nxe4
15. Qd3 Nxf2 16. Qb3 Qb6 17. Qxb6 axb6 18. Kb1 Nxh1 19. Rxh1 Kd7 20. Bb5 f6 21.
Re1 Ra5 22. a4 Kd6 23. c3 Raa8 24. b3 Na7 25. Bd3 Rac8 26. c4 Rc7 27. cxd5 exd5
28. Bf5 Kc6 29. Re6+ Bd6 30. b4 Re7 31. b5+ Kc7 32. Rxe7+ Bxe7 33. Be6 Kd6 34.
Bf7 Nc8 35. Nd2 Rf8 36. Bg6 Kc7 37. Nf1 Nd6 38. Ne3 Nc4 39. Nxd5+ Kd6 40. Nc3
Ne3 41. Kc1 Nxg4 42. Kd2 Ke6 43. d5+ Ke5 44. Ke2 Bc5 45. Kf3 Ne3 46. Ke2 Nxd5
47. Nxd5 Kxd5 48. Kd3 g4 49. Be4+ Ke5 50. Bg6 g3 51. Be4 f5 52. Bxb7 Rd8+ 53.
Ke2 Rd4 54. Kf3 f4 55. Bc6 Rxa4 56. Kg2 Ra2+ 57. Kf3 g2 58. Kg4 g1=Q+ 0-1

[Event "Junior Online 4NCL Division 2"]
[Site "online"]
[Date "2020.10.15"]
[Round "5.76"]
[White "Tomsett, Jonah"]
[Black "Goodwin, Robert Rhys"]
[Result "0-1"]
[WhiteElo "1300"]
[BlackElo "1318"]
[PlyCount "64"]
[EventDate "2020.10.15"]
[WhiteTeam "Robin Hoods 2"]
[BlackTeam "Border Bandits 1"]

1. e4 e5 2. Nf3 Nc6 3. Bc4 Bc5 4. Nc3 Nf6 5. d3 d6 6. O-O Bg4 7. h3 Be6 8. Bg5
Qd7 9. Bxf6 gxf6 10. Nd5 Bxd5 11. exd5 Nd4 12. Nxd4 Bxd4 13. c3 Bb6 14. Qf3 f5
15. Rfe1 O-O-O 16. b3 Rhg8 17. a4 a6 18. b4 Rg6 19. a5 Ba7 20. Bb3 Rdg8 21. g3
f4 22. g4 h5 23. Kf1 hxg4 24. hxg4 Rxg4 25. Ba4 Qe7 26. Ke2 Rg2 27. Kd2 Rxf2+
28. Kd1 Rxf3 29. Ke2 Re3+ 30. Kf2 Qh4+ 31. Kf1 Qh3+ 32. Kf2 Qf3# 0-1

[Event "Junior Online 4NCL Division 2"]
[Site "online"]
[Date "2020.10.15"]
[Round "5.77"]
[White "Brown, Kingsley"]
[Black "Humphreys, Benjamin"]
[Result "1-0"]
[WhiteElo "1300"]
[BlackElo "1300"]
[PlyCount "69"]
[EventDate "2020.10.15"]
[WhiteTeam "Border Bandits 1"]
[BlackTeam "Robin Hoods 2"]

1. e4 e5 2. Nf3 Nf6 3. Nxe5 Nc6 4. Nxc6 dxc6 5. Nc3 Bc5 6. Bc4 Ng4 7. O-O Qh4
8. h3 Nxf2 9. Rxf2 Qxf2+ 10. Kh1 Bg4 11. Ne2 Bxe2 12. Bxe2 O-O 13. d3 Rad8 14.
Bg5 f6 15. Bd2 Qg3 16. Qf1 Bd6 17. Qg1 f5 18. Be1 Qe5 19. Bc3 Qc5 20. d4 Qb6
21. e5 Bb4 22. Bc4+ Kh8 23. Qe3 Bxc3 24. Qxc3 Rxd4 25. Re1 Rfd8 26. e6 Re4 27.
Rxe4 fxe4 28. e7 Rd1+ 29. Kh2 Qg1+ 30. Kg3 h6 31. e8=Q+ Kh7 32. Bg8+ Kh8 33.
Be6+ Kh7 34. Bf5+ g6 35. Qxg6# 1-0

[Event "Junior Online 4NCL Division 2"]
[Site "online"]
[Date "2020.10.15"]
[Round "5.78"]
[White "Keenan, Isaac"]
[Black "Wynn, Jacob"]
[Result "0-1"]
[WhiteElo "1285"]
[BlackElo "1186"]
[PlyCount "78"]
[EventDate "2020.10.15"]
[WhiteTeam "Robin Hoods 2"]
[BlackTeam "Border Bandits 1"]

1. d4 d5 2. Bf4 e6 3. Nf3 Nf6 4. e3 c5 5. dxc5 Bxc5 6. Nc3 Nc6 7. Bd3 O-O 8. a3
Re8 9. b4 Bd6 10. Bg3 e5 11. Be2 Nxb4 12. axb4 Bxb4 13. Qd2 Ne4 14. Qc1 Nxc3
15. O-O Nxe2+ 16. Kh1 Nxc1 17. Raxc1 e4 18. Nd4 Be6 19. Rb1 Qe7 20. c3 Bxc3 21.
Rbc1 Bxd4 22. exd4 Qg5 23. Rc7 Bc8 24. Rfc1 b5 25. R1c2 b4 26. f4 Qg4 27. h3
Qxg3 28. R7c5 b3 29. Rb2 Qxf4 30. Rxd5 e3 31. Rb5 Qxd4 32. R5xb3 e2 33. Rb1
e1=Q+ 34. Rxe1 Rxe1+ 35. Kh2 Qe5+ 36. Rg3 Rh1+ 37. Kxh1 Qxg3 38. h4 Rb8 39. h5
Rb1# 0-1

[Event "Junior Online 4NCL Division 2"]
[Site "online"]
[Date "2020.10.15"]
[Round "5.81"]
[White "Srivastava, Aditya"]
[Black "Wood, Gabriel"]
[Result "1-0"]
[WhiteElo "654"]
[BlackElo "1600"]
[PlyCount "69"]
[EventDate "2020.10.15"]
[WhiteTeam "Phones Juniors B"]
[BlackTeam "Hull and Friends 2"]

1. e4 e5 2. Nf3 Nf6 3. Nc3 Nc6 4. Bc4 Bc5 5. d3 d6 6. Bg5 Be6 7. Nd5 Na5 8. Bb3
Nxb3 9. axb3 Bxd5 10. exd5 h6 11. Bxf6 Qxf6 12. h3 O-O 13. O-O Rfe8 14. Nd2 Re7
15. Ne4 Qf4 16. Nxc5 dxc5 17. Ra4 Qf6 18. f4 b5 19. Re4 Qd6 20. c4 exf4 21.
Rexf4 b4 22. Qg4 Rae8 23. Rf6 Qe5 24. Kh1 Qxb2 25. Rc6 Re1 26. Qf3 Rxf1+ 27.
Qxf1 Qd2 28. Kh2 Qxd3 29. Qxd3 Rf8 30. Rxc5 Rc8 31. d6 c6 32. d7 Rd8 33. Rxc6
a5 34. Rc8 a4 35. Rxd8# 1-0

[Event "Junior Online 4NCL Division 2"]
[Site "online"]
[Date "2020.10.15"]
[Round "5.82"]
[White "Wood, Philip A"]
[Black "Arya, Aadit"]
[Result "1/2-1/2"]
[WhiteElo "1532"]
[BlackElo "622"]
[PlyCount "166"]
[EventDate "2020.10.15"]
[WhiteTeam "Hull and Friends 2"]
[BlackTeam "Phones Juniors B"]

1. d4 d6 2. Nc3 Nf6 3. Bf4 Nc6 4. Nf3 h6 5. e4 e6 6. Bc4 d5 7. exd5 exd5 8.
Qe2+ Be6 9. Bb3 Bb4 10. Qd3 O-O 11. O-O a6 12. a3 Bd6 13. Be3 Qd7 14. Rfe1 Rfe8
15. Rad1 Bf5 16. Qd2 Kh7 17. Bf4 Bxf4 18. Qxf4 Bg6 19. Ne5 Nxe5 20. dxe5 Nh5
21. Qd4 c6 22. h3 f6 23. Rd2 fxe5 24. Rxe5 Rxe5 25. Qxe5 Re8 26. Qd4 Re1+ 27.
Kh2 Qd6+ 28. g3 Qf8 29. Re2 Rf1 30. Qe3 Qb8 31. Re1 Rxe1 32. Qxe1 Qf8 33. Qe3
Nf6 34. Ne2 Ne4 35. Nf4 Bf5 36. c3 Qd8 37. f3 Nf6 38. g4 Bg6 39. Nxg6 Kxg6 40.
Qd3+ Kf7 41. Qf5 Qd6+ 42. Kg2 Qc7 43. Qd3 Qb6 44. Bc2 Qxb2 45. Qg6+ Kf8 46. Qf5
Qxc3 47. Qc8+ Kf7 48. Qc7+ Kf8 49. Qc8+ Ne8 50. Qf5+ Qf6 51. Qxf6+ Nxf6 52. Bf5
Ke7 53. Bc8 a5 54. Bxb7 Kd6 55. Kg3 c5 56. Ba6 c4 57. Kf4 c3 58. Bd3 Kc5 59.
Ke3 d4+ 60. Ke2 Nd5 61. Kd1 Nf4 62. Kc2 Nxd3 63. Kxd3 Kb5 64. h4 Ka4 65. Kc2
Kxa3 66. g5 h5 67. f4 Kb4 68. f5 d3+ 69. Kxd3 Kb3 70. f6 c2 71. f7 c1=Q 72.
f8=Q Qc2+ 73. Ke3 Qc3+ 74. Ke4 a4 75. Qb8+ Qb4+ 76. Qxb4+ Kxb4 77. Kf5 a3 78.
Kg6 a2 79. Kxg7 a1=Q+ 80. Kh6 Qh8+ 81. Kg6 Kc4 82. Kf5 Kd5 83. Kg6 Ke6 1/2-1/2

[Event "Junior Online 4NCL Division 2"]
[Site "online"]
[Date "2020.10.15"]
[Round "5.83"]
[White "Railwani, Tavish"]
[Black "Meredith, Daniel"]
[Result "1-0"]
[WhiteElo "100"]
[BlackElo "1247"]
[PlyCount "133"]
[EventDate "2020.10.15"]
[WhiteTeam "Phones Juniors B"]
[BlackTeam "Hull and Friends 2"]

1. e4 c5 2. Nf3 d6 3. Nc3 Nc6 4. Bb5 Bd7 5. O-O g6 6. h3 Bg7 7. d3 Nf6 8. Bg5
O-O 9. Bxf6 Bxf6 10. Qe2 Qb6 11. Bxc6 Bxc6 12. Rab1 Qc7 13. Rfe1 Bg7 14. Ng5 h6
15. Nf3 f5 16. a3 Rad8 17. Na2 Rfe8 18. Qe3 b6 19. Nc1 d5 20. Nb3 dxe4 21. dxe4
Bxe4 22. Nbd2 Bxc2 23. Rbc1 Ba4 24. Nc4 Bb5 25. Nce5 Bc6 26. Nxc6 Qxc6 27. b4
Qc7 28. bxc5 f4 29. Qe2 b5 30. Qxb5 Rb8 31. Qc4+ Kh7 32. Re4 g5 33. Qd3 Kh8 34.
Re6 Rbd8 35. Qf5 Rf8 36. Qg6 Qa5 37. Ra6 Qb5 38. Rxa7 Rfe8 39. Qh5 Qb2 40. Rf1
Ra8 41. Rxa8 Rxa8 42. Nxg5 Rxa3 43. Nf7+ Kg8 44. Qg6 Ra5 45. Nxh6+ Kh8 46. Nf7+
Kg8 47. Nh6+ Kh8 48. Nf7+ Kg8 49. Qe6 Qf6 50. Qxf6 Bxf6 51. Nh6+ Kg7 52. Nf5+
Kf7 53. Nh6+ Kf8 54. c6 Rc5 55. g4 Rxc6 56. Nf5 e6 57. Nh6 Rc7 58. g5 Bxg5 59.
Ng4 Rh7 60. Kh2 f3 61. Re1 Bf4+ 62. Kg1 Rxh3 63. Rxe6 Bd2 64. Rf6+ Kg8 65. Rg6+
Kh8 66. Nf6 Rh6 67. Rg8# 1-0

[Event "Junior Online 4NCL Division 2"]
[Site "online"]
[Date "2020.10.15"]
[Round "5.84"]
[White "Luckhurst, Isaac"]
[Black "Mittal, Advik"]
[Result "0-1"]
[WhiteElo "1005"]
[BlackElo "100"]
[PlyCount "106"]
[EventDate "2020.10.15"]
[WhiteTeam "Hull and Friends 2"]
[BlackTeam "Phones Juniors B"]

1. e4 e5 2. Nf3 Nc6 3. Nc3 Nf6 4. d4 exd4 5. Na4 Bb4+ 6. c3 dxc3 7. bxc3 Ba5 8.
Bd2 O-O 9. Qe2 Qe7 10. O-O-O Nxe4 11. Bg5 Nxg5 12. Qxe7 Nxe7 13. Nxg5 f6 14.
Nxh7 Kxh7 15. Bd3+ g6 16. Rd2 Nd5 17. c4 Bxd2+ 18. Kxd2 Nf4 19. Bb1 Nxg2 20.
Nc3 Nf4 21. Re1 d6 22. Re7+ Kg8 23. Ne4 Bf5 24. Nxf6+ Rxf6 25. h4 Bxb1 26. h5
gxh5 27. Ke3 Ng6 28. Rxc7 Bxa2 29. Rxb7 Bxc4 30. Rd7 Bb5 31. Rc7 Rff8 32. Rc5
dxc5 33. Ke4 Rf7 34. Kd5 c4 35. Kd4 Rc8 36. Kc3 Be8 37. f4 Rxf4 38. Kc2 Rb8 39.
Kc3 Rb6 40. Kc2 Ra6 41. Kc3 Ra3+ 42. Kb4 Rh3 43. Kc5 Rf6 44. Kxc4 Rf4+ 45. Kc5
Rf6 46. Kd5 Rg3 47. Kc5 Rg5+ 48. Kc4 Rf4+ 49. Kc3 Rg3+ 50. Kd2 Rf2+ 51. Ke1 Ra2
52. Kf1 Rb3 53. Ke1 Rb1# 0-1

[Event "Junior Online 4NCL Division 2"]
[Site "online"]
[Date "2020.10.15"]
[Round "5.85"]
[White "Wood, Gabriel"]
[Black "Srivastava, Aditya"]
[Result "1-0"]
[WhiteElo "1600"]
[BlackElo "654"]
[PlyCount "81"]
[EventDate "2020.10.15"]
[WhiteTeam "Hull and Friends 2"]
[BlackTeam "Phones Juniors B"]

1. e4 e5 2. Nf3 Nc6 3. Bc4 Bc5 4. c3 Bb6 5. O-O h6 6. d3 Nf6 7. Be3 d6 8. Nbd2
O-O 9. Nh4 Be6 10. Bxe6 fxe6 11. Qf3 Qe8 12. Qg3 Nh5 13. Qg4 Nf6 14. Qg3 Nh5
15. Qg4 Nf6 16. Qh3 Kf7 17. Qg3 Rg8 18. f4 Bxe3+ 19. Qxe3 exf4 20. Qxf4 e5 21.
Qg3 Ke7 22. Nf5+ Kd8 23. Nxg7 Qe7 24. Ne6+ Qxe6 25. Rxf6 Rxg3 26. Rxe6 Rxd3 27.
Rxh6 Kd7 28. Nf3 Rg8 29. Rf1 Re3 30. Rh7+ Kc8 31. Ne1 Nb8 32. Nf3 Rxe4 33. h4
Re2 34. Ne1 Rxb2 35. Rhf7 Nd7 36. h5 c6 37. h6 Rh8 38. h7 Rxa2 39. Rg7 Nf8 40.
Rxf8+ Rxf8 41. Rg8 1-0

[Event "Junior Online 4NCL Division 2"]
[Site "online"]
[Date "2020.10.15"]
[Round "5.86"]
[White "Arya, Aadit"]
[Black "Wood, Philip A"]
[Result "1-0"]
[WhiteElo "622"]
[BlackElo "1532"]
[PlyCount "159"]
[EventDate "2020.10.15"]
[WhiteTeam "Phones Juniors B"]
[BlackTeam "Hull and Friends 2"]

1. e4 e5 2. Nf3 Nc6 3. Bc4 Bc5 4. c3 Nf6 5. d4 Bb6 6. dxe5 Nxe4 7. Qd5 Bxf2+ 8.
Kf1 Qe7 9. Qxe4 Bb6 10. Be3 Bxe3 11. Qxe3 d6 12. Bb5 dxe5 13. Qxe5 Qxe5 14.
Nxe5 Bd7 15. Nxd7 Kxd7 16. Kf2 Rhe8 17. Rd1+ Ke7 18. Nd2 Rad8 19. Nf3 Kf8 20.
Bxc6 bxc6 21. Rxd8 Rxd8 22. Re1 g6 23. Ng5 Rd2+ 24. Kf1 Rxb2 25. Nxh7+ Kg7 26.
Ng5 Rxa2 27. h4 a5 28. Re7 Ra1+ 29. Kf2 a4 30. Rxf7+ Kg8 31. Rxc7 a3 32. Ra7
Ra2+ 33. Ke3 Ra1 34. Kd2 a2 35. Kc2 Rg1 36. Kb2 Rxg2+ 37. Ka1 Rh2 38. Rxa2 Rxh4
39. Rg2 Kg7 40. Kb2 Rc4 41. Ne6+ Kf6 42. Nd4 Rc5 43. Kb3 g5 44. Kb4 Re5 45.
Nxc6 Re4+ 46. c4 g4 47. Kb5 Kf5 48. c5 Kf4 49. Nb4 Kf3 50. Rxg4 Rxg4 51. c6
Rg5+ 52. Kb6 Rg1 53. c7 Rc1 54. Nc6 Rb1+ 55. Ka6 Ra1+ 56. Kb7 Rb1+ 57. Ka6 Ra1+
58. Kb5 Ra8 59. Nb8 Ra1 60. c8=Q Rb1+ 61. Ka6 Ra1+ 62. Kb5 Rb1+ 63. Ka4 Ra1+
64. Kb3 Rb1+ 65. Kc2 Rf1 66. Qh3+ Ke2 67. Qg2+ Rf2 68. Qe4+ Kf1+ 69. Kd1 Kg1
70. Qg4+ Kf1 71. Nc6 Rg2 72. Qf3+ Kg1 73. Nd4 Rf2 74. Ne2+ Rxe2 75. Qxe2 Kh1
76. Ke1 Kg1 77. Qf3 Kh2 78. Qg4 Kh1 79. Kf1 Kh2 80. Qg2# 1-0

[Event "Junior Online 4NCL Division 2"]
[Site "online"]
[Date "2020.10.15"]
[Round "5.87"]
[White "Meredith, Daniel"]
[Black "Railwani, Tavish"]
[Result "1-0"]
[WhiteElo "1247"]
[BlackElo "100"]
[PlyCount "75"]
[EventDate "2020.10.15"]
[WhiteTeam "Hull and Friends 2"]
[BlackTeam "Phones Juniors B"]

1. d4 d5 2. c4 e6 3. Nc3 Nf6 4. Bg5 c6 5. Nf3 h6 6. Bh4 g5 7. Bg3 Bd6 8. Bxd6
Qxd6 9. e3 Nbd7 10. Qd2 a6 11. Be2 b5 12. b3 b4 13. Na4 Ne4 14. Qc2 Ndf6 15. c5
Qc7 16. Nb6 Rb8 17. a3 bxa3 18. Rxa3 Ng4 19. O-O f5 20. h3 Ngf6 21. Ne5 f4 22.
Bxa6 Bd7 23. Rfa1 h5 24. Bd3 g4 25. Ra8 g3 26. Rxb8+ Qxb8 27. Ra8 Qxa8 28. Nxa8
gxf2+ 29. Kh2 Rg8 30. Nb6 Nh7 31. Qa2 Ke7 32. Nbxd7 Rg3 33. Qa7 Rxe3 34. Ba6
Nd2 35. Nb6+ Kf6 36. Qf7+ Kg5 37. h4+ Kh6 38. Qg6# 1-0

[Event "Junior Online 4NCL Division 2"]
[Site "online"]
[Date "2020.10.15"]
[Round "5.88"]
[White "Mittal, Advik"]
[Black "Luckhurst, Isaac"]
[Result "0-1"]
[WhiteElo "100"]
[BlackElo "1005"]
[PlyCount "50"]
[EventDate "2020.10.15"]
[WhiteTeam "Phones Juniors B"]
[BlackTeam "Hull and Friends 2"]

1. e4 Nc6 2. Nf3 Nf6 3. Nc3 e5 4. Bb5 a6 5. Bxc6 bxc6 6. Nxe5 d6 7. Nf3 Bg4 8.
O-O Qe7 9. h3 Be6 10. d3 g6 11. Bg5 Rb8 12. Bxf6 Qxf6 13. Rb1 Bh6 14. g4 Bf8
15. Qe2 d5 16. exd5 cxd5 17. d4 Bd6 18. Qxa6 c5 19. Qxd6 Rd8 20. Qxc5 Qxf3 21.
Rbe1 Qxh3 22. Nxd5 h5 23. Nc7+ Kd7 24. Nxe6 hxg4 25. Nxd8 Qh1# 0-1

[Event "Junior Online 4NCL Division 2"]
[Site "online"]
[Date "2020.10.15"]
[Round "5.91"]
[White "Gauri, Dhairye"]
[Black "Santhosh, Alwis Joe"]
[Result "1-0"]
[WhiteElo "1510"]
[BlackElo "1255"]
[PlyCount "73"]
[EventDate "2020.10.15"]
[WhiteTeam "Uxbridge Juniors A"]
[BlackTeam "Ojays F"]

1. e4 e5 2. Nf3 Nc6 3. Bc4 Bc5 4. O-O d6 5. h3 Nf6 6. d3 h6 7. Nc3 Be6 8. Bxe6
fxe6 9. Be3 Bb6 10. a4 O-O 11. a5 Bxa5 12. d4 exd4 13. Nxd4 Bxc3 14. bxc3 Nxe4
15. Nxc6 bxc6 16. Bxa7 Nxc3 17. Qd3 Nb5 18. Be3 Rxa1 19. Rxa1 Qf6 20. Rf1 e5
21. Qc4+ d5 22. Qb3 Kh7 23. c3 d4 24. cxd4 Nxd4 25. Qd3+ Nf5 26. g4 g6 27. gxf5
gxf5 28. Kh2 e4 29. Qe2 f4 30. Bc5 f3 31. Qxe4+ Qf5 32. Qe7+ Rf7 33. Qe3 Kg6
34. Rg1+ Kh5 35. Qd4 Rf6 36. Be7 Re6 37. Qh4# 1-0

[Event "Junior Online 4NCL Division 2"]
[Site "online"]
[Date "2020.10.15"]
[Round "5.92"]
[White "Rivera Machens, Rafael"]
[Black "Knight, Samuel"]
[Result "0-1"]
[WhiteElo "1232"]
[BlackElo "1300"]
[PlyCount "68"]
[EventDate "2020.10.15"]
[WhiteTeam "Ojays F"]
[BlackTeam "Uxbridge Juniors A"]

1. e4 e6 2. d4 d5 3. exd5 exd5 4. Nf3 c6 5. Bd3 Nf6 6. O-O g6 7. Re1+ Be7 8.
Bg5 O-O 9. Bxf6 Bxf6 10. Nc3 Bg4 11. Be2 Re8 12. h3 Bh5 13. g4 Bxg4 14. hxg4
Qc7 15. Nd2 Bxd4 16. Nf1 Bf6 17. Ng3 Nd7 18. Rf1 Be5 19. Kg2 Re7 20. a3 Rae8
21. Rb1 b5 22. Bxb5 cxb5 23. Nxd5 Qc6 24. Kh2 Bxg3+ 25. fxg3 Re6 26. Nb4 Re2+
27. Kh3 Qg2+ 28. Kh4 Qh2+ 29. Kg5 R8e5+ 30. Kf4 R2e4+ 31. Kf3 Re3+ 32. Kf4 Qh6+
33. g5 Qh4+ 34. g4 Qg3# 0-1

[Event "Junior Online 4NCL Division 2"]
[Site "online"]
[Date "2020.10.15"]
[Round "5.93"]
[White "Bhat, Advay"]
[Black "Griffith, Theodore"]
[Result "0-1"]
[WhiteElo "1285"]
[BlackElo "1262"]
[PlyCount "65"]
[EventDate "2020.10.15"]
[WhiteTeam "Uxbridge Juniors A"]
[BlackTeam "Ojays F"]

1. e4 e6 2. Nc3 d5 3. exd5 exd5 4. d4 Nf6 5. Bg5 Be7 6. Nf3 Bg4 7. Be2 O-O 8.
h3 Bh5 9. g4 Bg6 10. Bd3 Bxd3 11. Qxd3 h6 12. Bf4 Re8 13. O-O-O a5 14. Nb5 Bd6
15. Bxd6 cxd6 16. h4 Nxg4 17. Qd2 Re7 18. Nc3 a4 19. Nxd5 Re8 20. Rhe1 a3 21.
bxa3 Rxa3 22. Rxe8+ Qxe8 23. Qb4 Rxf3 24. Qxb7 Nxf2 25. Nc7 Qe3+ 26. Rd2 Qe1+
27. Kb2 Qxd2 28. Qxf3 Qxd4+ 29. c3 Qb6+ 30. Kc2 Qxc7 31. Qxf2 Nc6 32. Qf3 Nd4+
33. Kd2 0-1

[Event "Junior Online 4NCL Division 2"]
[Site "online"]
[Date "2020.10.15"]
[Round "5.94"]
[White "Terrado, Rhianne"]
[Black "Das, Devorshi"]
[Result "0-1"]
[WhiteElo "1202"]
[BlackElo "1127"]
[PlyCount "24"]
[EventDate "2020.10.15"]
[WhiteTeam "Ojays F"]
[BlackTeam "Uxbridge Juniors A"]

1. e4 e5 2. Bc4 Nf6 3. d3 Nc6 4. Nf3 Bc5 5. Nc3 d6 6. a3 a5 7. h3 h6 8. Bd2 Be6
9. Nd5 Nd4 10. Nxf6+ Qxf6 11. Nxd4 Bxd4 12. Bxe6 Qxf2# 0-1

[Event "Junior Online 4NCL Division 2"]
[Site "online"]
[Date "2020.10.15"]
[Round "5.95"]
[White "Santhosh, Alwis Joe"]
[Black "Gauri, Dhairye"]
[Result "1-0"]
[WhiteElo "1255"]
[BlackElo "1510"]
[PlyCount "65"]
[EventDate "2020.10.15"]
[WhiteTeam "Ojays F"]
[BlackTeam "Uxbridge Juniors A"]

1. e4 e5 2. Nf3 Nc6 3. Bc4 Be7 4. Nc3 Nf6 5. d3 h6 6. Be3 O-O 7. h3 d6 8. d4
Bd7 9. O-O a6 10. a3 b5 11. Bb3 Be6 12. d5 Na5 13. dxe6 Nxb3 14. exf7+ Rxf7 15.
cxb3 Nd7 16. Nd5 c5 17. b4 Rc8 18. bxc5 dxc5 19. b4 cxb4 20. axb4 Rc4 21. Qd2
Bf8 22. Rxa6 Nb8 23. Nf6+ Qxf6 24. Rxf6 Rxf6 25. Nxe5 Rxe4 26. Qd5+ Rf7 27.
Qxf7+ Kh8 28. Qxf8+ Kh7 29. Qf5+ Kh8 30. Qxe4 Nc6 31. Bxh6 Nxe5 32. Qxe5 Kh7
33. Qxg7# 1-0

[Event "Junior Online 4NCL Division 2"]
[Site "online"]
[Date "2020.10.15"]
[Round "5.96"]
[White "Knight, Samuel"]
[Black "Rivera Machens, Rafael"]
[Result "0-1"]
[WhiteElo "1300"]
[BlackElo "1232"]
[PlyCount "50"]
[EventDate "2020.10.15"]
[WhiteTeam "Uxbridge Juniors A"]
[BlackTeam "Ojays F"]

1. d4 d5 2. Bf4 Nf6 3. e3 Bf5 4. Nf3 e6 5. Bd3 Ne4 6. c3 Nc6 7. Bxe4 Bxe4 8.
Nbd2 h6 9. Nxe4 dxe4 10. Ne5 Nxe5 11. Bxe5 f6 12. Bg3 Be7 13. h3 O-O 14. Qh5
Rc8 15. Bf4 Qe8 16. Qxe8 Rfxe8 17. O-O-O a5 18. g4 b5 19. h4 b4 20. cxb4 axb4
21. Rdg1 Ra8 22. g5 Rxa2 23. gxf6 Bxf6 24. Kc2 Kf7 25. Bxc7 Rc8 0-1

[Event "Junior Online 4NCL Division 2"]
[Site "online"]
[Date "2020.10.15"]
[Round "5.97"]
[White "Griffith, Theodore"]
[Black "Bhat, Advay"]
[Result "1-0"]
[WhiteElo "1262"]
[BlackElo "1285"]
[PlyCount "31"]
[EventDate "2020.10.15"]
[WhiteTeam "Ojays F"]
[BlackTeam "Uxbridge Juniors A"]

1. e4 e5 2. Nf3 Nc6 3. Bc4 h6 4. Nc3 Nf6 5. O-O d6 6. h3 a6 7. d3 Be7 8. Be3 b5
9. Bb3 O-O 10. Qd2 Bb7 11. Bxh6 gxh6 12. Qxh6 Bc8 13. Ng5 Re8 14. Nd5 Bxh3 15.
Nxf6+ Bxf6 16. Bxf7# 1-0

[Event "Junior Online 4NCL Division 2"]
[Site "online"]
[Date "2020.10.15"]
[Round "5.98"]
[White "Das, Devorshi"]
[Black "Terrado, Rhianne"]
[Result "1-0"]
[WhiteElo "1127"]
[BlackElo "1202"]
[PlyCount "63"]
[EventDate "2020.10.15"]
[WhiteTeam "Uxbridge Juniors A"]
[BlackTeam "Ojays F"]

1. e4 e5 2. Bc4 Nf6 3. Nc3 Nc6 4. Nf3 h6 5. h3 Bc5 6. d3 d6 7. Be3 Nd4 8. Nxd4
exd4 9. Nd5 dxe3 10. Nxf6+ Qxf6 11. fxe3 Bxe3 12. Qe2 Qh4+ 13. Kd1 Qg3 14. Rf1
O-O 15. Rf3 Qg6 16. Qxe3 Qxg2 17. Qe2 Qg1+ 18. Rf1 Qg3 19. Rh1 c6 20. Kd2 Qf4+
21. Kc3 d5 22. exd5 Qf6+ 23. Kd2 Qg5+ 24. Qe3 Qg2+ 25. Qe2 Qg6 26. Rhg1 Qd6 27.
dxc6 Qxc6 28. Rad1 b5 29. Bb3 a5 30. a3 Bxh3 31. Qe5 Rfe8 32. Qxg7# 1-0

[Event "Junior Online 4NCL Division 2"]
[Site "online"]
[Date "2020.10.15"]
[Round "5.101"]
[White "Demyan, Leo"]
[Black "Benhamou, Nathan"]
[Result "0-1"]
[WhiteElo "1180"]
[BlackElo "1322"]
[PlyCount "82"]
[EventDate "2020.10.15"]
[WhiteTeam "Watford Juniors C"]
[BlackTeam "Harrow Juniors C"]

1. d4 d5 2. Nc3 Nf6 3. Bf4 Bf5 4. Nf3 e6 5. e3 Bd6 6. Ne5 Bxe5 7. Bxe5 O-O 8.
Be2 Nc6 9. Bg3 Ne4 10. Nxe4 Bxe4 11. f3 Bg6 12. O-O Qd7 13. Bb5 a6 14. Be2 Nb4
15. Bd3 Nxd3 16. cxd3 Qb5 17. e4 Qxb2 18. e5 Qxd4+ 19. Bf2 Qxe5 20. d4 Qd6 21.
Bg3 Qb6 22. Bf2 Qd6 23. Qb3 b6 24. Bg3 Qd7 25. Rac1 Rfc8 26. a4 a5 27. Qa3 b5
28. axb5 Qxb5 29. Rc5 Qb4 30. Qc1 Qxd4+ 31. Bf2 Qe5 32. Bg3 Qd4+ 33. Rf2 e5 34.
Rxc7 Rxc7 35. Qxc7 Re8 36. Qxa5 Qd1+ 37. Rf1 Qb3 38. Qa7 Rc8 39. Bxe5 Qe3+ 40.
Rf2 Qxa7 41. Bxg7 Rc1# 0-1

[Event "Junior Online 4NCL Division 2"]
[Site "online"]
[Date "2020.10.15"]
[Round "5.102"]
[White "Laza, Andrei"]
[Black "Shah, Prem"]
[Result "0-1"]
[WhiteElo "1292"]
[BlackElo "1157"]
[PlyCount "104"]
[EventDate "2020.10.15"]
[WhiteTeam "Harrow Juniors C"]
[BlackTeam "Watford Juniors C"]

1. e4 c6 2. d4 d5 3. e5 Bf5 4. Nc3 e6 5. Nf3 Bb4 6. Bd3 Bxd3 7. Qxd3 Ne7 8. a3
Ba5 9. b4 Bb6 10. O-O O-O 11. a4 h6 12. a5 Bc7 13. Bf4 b5 14. Rfe1 Na6 15. Rab1
Ng6 16. Bg3 Qe7 17. Na2 Rfe8 18. c3 Rad8 19. Nc1 Bb8 20. Ne2 Nf8 21. Nf4 f6 22.
exf6 Qxf6 23. Nh3 Bxg3 24. hxg3 Ng6 25. Ne5 Nxe5 26. Rxe5 Nc7 27. Rbe1 a6 28.
Nf4 Rd6 29. Qg6 Qxg6 30. Nxg6 Kh7 31. Nf4 g5 32. Nd3 Re7 33. Nc5 Kg6 34. Nb7
Rdd7 35. Nc5 Rd6 36. g4 Kf6 37. g3 Ne8 38. Kg2 Kf7 39. Kf3 Nf6 40. R1e2 Nd7 41.
Nxd7 Rexd7 42. Kg2 Kf6 43. f4 gxf4 44. gxf4 Rg7 45. Kf3 Rh7 46. Kg3 Rg7 47. Kh4
Rg6 48. g5+ hxg5+ 49. Rxg5 Rh6+ 50. Kg4 Rd7 51. Rge5 Rg6+ 52. Kh5 Rh7# 0-1

[Event "Junior Online 4NCL Division 2"]
[Site "online"]
[Date "2020.10.15"]
[Round "5.104"]
[White "Cann, Arthur"]
[Black "Birke, Timo"]
[Result "1/2-1/2"]
[WhiteElo "1172"]
[BlackElo "1022"]
[PlyCount "116"]
[EventDate "2020.10.15"]
[WhiteTeam "Harrow Juniors C"]
[BlackTeam "Watford Juniors C"]

1. d4 d5 2. c4 e6 3. cxd5 exd5 4. Nf3 Bb4+ 5. Bd2 Bxd2+ 6. Nbxd2 Nf6 7. e3 O-O
8. Bd3 Nc6 9. O-O Bg4 10. h3 Bxf3 11. Qxf3 Nb4 12. Qe2 Qd6 13. a3 Nxd3 14. Qxd3
c6 15. Rfe1 Ne4 16. Nxe4 dxe4 17. Qxe4 Qd5 18. Qxd5 cxd5 19. Rac1 f5 20. Rc5
Rfd8 21. Rc7 Rab8 22. g3 g5 23. Kg2 h5 24. f3 h4 25. gxh4 gxh4 26. f4 Rdc8 27.
Rxc8+ Rxc8 28. Kf3 Kg7 29. Rg1+ Kf6 30. Rg5 Ke6 31. Rg7 Rc1 32. Rxb7 Rf1+ 33.
Kg2 Re1 34. Kf3 Rf1+ 35. Ke2 Rh1 36. Rxa7 Rxh3 37. Rh7 Rh1 38. a4 Kd6 39. Kd3
Kc6 40. b4 Kb6 41. Rh6+ Kb7 42. b5 Ka7 43. a5 Kb7 44. a6+ Ka7 45. Rh7+ Kb8 46.
a7+ Ka8 47. b6 Rb1 48. Rxh4 Rxb6 49. Rh5 Rf6 50. Rh7 Ra6 51. Kc3 Rxa7 52. Rxa7+
Kxa7 53. Kb4 Kb6 54. Kc3 Kb5 55. Kb3 Kc6 56. Kb4 Kb6 57. Ka4 Ka6 58. Kb4 Kb6
1/2-1/2